00475pab a2200157 454500008004000000100002100040245003800061260000900099300001400108362001100122650001800133773003400151909001000185999001700195952010500212180718b1997 xxu||||| |||| 00| 0 eng d aTulpule, Bagaram aILO initiative on contract labour c1997 ap.L21-L22 a30 Aug aLabour market aEconomic and Political Weekly a35418 c35418d35418 00104070aIIPAbIIPAd2018-07-19hVolume no: 32, Issue no: 35pAR35673r2018-07-19w2018-07-19yAR